| 000 | 01148nam a22002537a 4500 | ||
|---|---|---|---|
| 001 | BD-DhSAU 9275 | ||
| 003 | BD-DhSAU | ||
| 005 | 20181211162322.0 | ||
| 008 | 150612b2007 bg a||||r|||| 000 0 eng d | ||
| 040 | _aBD-DhSAU | ||
| 082 |
_222 _a630.715 _bJ19 |
||
| 100 |
_aJahangir, Hossain Mohammad _eRegistration No. # 00546 |
||
| 245 |
_aAdoption of improved practices in sugarcane cultivation in Jamalpur district / _bMS thesis _cby Hossain Mohammad Jahangir. |
||
| 260 |
_aSher-e- Bangla Agricultural University : _bDepartment of Agricultural Extension and Information System, _c2007. |
||
| 300 |
_ax, 85 p. : _bill. , _c30 cm. |
||
| 500 | _aMS thesis of Department of Agricultural Extension and Information System, Faculty of Agriculture, Sher-e-Bangla Agricultural University, Dhaka, Bangladesh | ||
| 590 | _ajoy | ||
| 650 | _aAgricultural Extension and Information System | ||
| 650 |
_aSugarcane cultivation _zJamalpur. |
||
| 700 |
_aHaque, M. Zahidul _eSupervisor |
||
| 700 |
_aBhuiyan, Mohammad Hossain _eCo-Supervisor |
||
| 856 | _uhttp://archive.saulibrary.edu.bd:8080/xmlui/handle/123456789/1572 | ||
| 942 |
_2ddc _cTHESIS |
||
| 999 |
_c9275 _d9275 |
||